| 000 | 00546cam a22001691 4500 | ||
|---|---|---|---|
| 040 | _cDLC | ||
| 082 | 0 | 0 | _a311 COL 1962 A089 Or. |
| 100 | 1 | _aWallis, W. Allen | |
| 245 | 1 | 4 | _aThe nature of statistics |
| 260 |
_aNew York, _bCollier Books _c[1962] |
||
| 300 |
_a218 p. _c18 cm. |
||
| 490 | 0 | _aCollier books, | |
| 500 | _a"Revised and slightly abridged version of material which was originally published as the first quarter of [the authors'] Statistics: a new approach." | ||
| 650 | 0 | _aStatistics. | |
| 700 | 1 | _aRoberts, Harry V., | |
| 942 | _cEK | ||
| 999 |
_c16300 _d16300 |
||